000
00352nam a2200133Ia 4500
008
230411s9999 xx 000 0 und d
041
_a
eng
082
_a
CH/610.7343/KAU/B07348
100
_a
Kaur Baljit
245
_a
Community Health Nursing Procedures
260
_b
Jaypee Brothers
_a
New Delhi
_c
2012
300
_a
100p
999
_c
157480
_d
157480